Les 3 meilleurs footballeurs par pays #2 - Statistiques

Statistiques générales
  • Ce quiz a été pris 358 fois
  • Le résultat moyen est 11 sur 15
Statistiques - réponses
Pays Postes Club Principal Joueurs % Correct
Portugal Attaquant Réal Madrid Cristiano Ronaldo
99%
Croatie Milieu de terrain Réal Madrid Luka Modric
94%
Belgique Milieu Offensif Manchester City Kévin De Bruyne
92%
Portugal Défenseur Central Réal Madrid Pepe
92%
Belgique Gardien de but Réal Madrid Thibaut Courtois
92%
Belgique Ailier Gauche FC Chelsea Eden Hazard
88%
Pays-Bas Défenseur Central FC Liverpool Virgil Van Dijk
88%
Pays-Bas Ailier Droit Bayern Munich Arjen Robben
84%
Croatie Milieu de terrain FC Barcelone Ivan Rakitic
82%
Croatie Attaquant Bayern Munich Mario Mandzukic
64%
Suisse AIlier Droit FC Liverpool Xherdan Shaqiri
60%
Pays-Bas Milieu Offensif Inter Milan Wesley Sneijder
56%
Portugal Milieu Offensif FC Porto Deco
43%
Suisse Défenseur Droit Juventus Turin Stephan Lichtsteiner
26%
Suisse Attaquant FC Bâle Alexander Frei
21%
Aucun quiz correspondant
Distribution des résultats
% des personnes avec chaque résultat
Percentile par nombre de réponses
Votre historique - résultats
Vous n’avez pas pris ce quiz